| 000 | 01081nam a22002537a 4500 | ||
|---|---|---|---|
| 003 | OSt | ||
| 005 | 20251014160209.0 | ||
| 008 | 240130b ||||| |||| 00| 0 eng d | ||
| 040 | _c0 | ||
| 082 | _aDPer 621.317 Ie21 January 2022 v. 37 n. 1 | ||
| 100 |
_aPeña, Robert Alfie S. _eauthor. _950962 |
||
| 245 |
_aBalancing supercapacitor voltages in modular bidirectional DC—DC converter circuits / _cRobert Alfie S. Peña, Alaa Hijazi, Pascal Venet, and Florian Errigo. |
||
| 260 |
_aNew York ; _bThe Institute of Electrical and Electronics Engineers, Inc. , _cJanuary 2022. |
||
| 300 |
_aVolume 37, pages 137-149 : _billustration ; _c28 cm. |
||
| 500 | _aIEEE Transactions on Power Electronic, v. 37 n. 1, pages 137-149, January 2022. | ||
| 650 | 0 |
_aBalancing circuit. _965729 |
|
| 650 | 0 |
_a Capacitors. _965717 |
|
| 650 | 0 |
_aDC–DC power converter. _965730 |
|
| 700 |
_aPeña, Robert Alfie S. _eauthor. _950962 |
||
| 700 |
_aHijazi, Alaa. _eauthor. _950963 |
||
| 700 |
_aVenet, Pascal. _eauthor. _950964 |
||
| 700 |
_aErrigo, Florian. _eauthor. _950965 |
||
| 942 |
_2ddc _cPER |
||
| 999 |
_c18815 _d18815 |
||